Delincuencia organizada y trf̀ico de drogas en Espaą

Detalles Bibliográficos
Autor principal: El Marbouhe El Faqyr, Karim
Formato: eBook
Lenguaje:español
Publicado: Madrid: Editorial Acadm̌ica Espaǫla, 2019
Materias:
Acceso en línea:Acceso restringido

MARC

LEADER 00000nam a22000007a 4500
005 20191004002620.0
007 cr|||| ||||
008 191004s2019 es |||||s|||| 00||0 spa d
020 |a 9786200017369 
035 |a 29245 
040 |a vLex 
090 |c 9711  |d 9711 
100 1 |a El Marbouhe El Faqyr, Karim 
245 1 0 |a Delincuencia organizada y trf̀ico de drogas en Espaą  |h [Recurso electrn̤ico] /  |c Karim El Marbouhe El Faqyr 
256 |a Servicio en ln̕ea 
260 |a Madrid:  |b Editorial Acadm̌ica Espaǫla,  |c 2019 
300 |a 1 recurso electrn̤ico 
500 |a El presente trabajo recoge unas reflexiones generales sobre el delito de trf̀ico de drogas y un recorrido histr̤ico sobre su penalizacin̤ en los distintos cd̤igos penales promulgados en Espaą. Tambiň, se efecta︢ un breve anl̀isis jurisprudencial de sus circunstancias agravantes referentes al delito de salud pb︢lica contempladas en el ordenamiento jurd̕ico espaǫl, as ̕como las cuestiones que hay que tener en cuenta a la hora de determinar la competencia de los tribunales espaǫles. As ̕mismo se realiza una valoracin̤ de cm̤o se encuentra regulada la criminalidad organizada en Portugal y como se articulan los mecanismos de represin̤ del trf̀ico de drogas entre Espaą y Portugal mediante el empleo del Tratado Entre Espaą y Portugal para la represin̤ del trf̀ico ilc̕ito de drogas en el mar, firmado en Lisboa el 2 de marzo de 1998 y como fue empleado por la Audiencia Nacional en el asunto del Buque Eiskos. 
506 1 |a Disponible solo en los productos indicados  |d vLex Global  |d vLex Global (Academic Edition, excluding Law Schools)  |d vLex Global (U.S. Academic Edition, Law Schools)  |d vLex Global (U.S. Academic Edition, excluding Law Schools)  |d vLex Global (Academic Edition, Law Schools) 
650 0 4 |a Derecho Penal  |z Espaą 
740 0 |a vLex Libros (Servicio en ln̕ea) 
856 4 0 |u http://vlex.com/source/29245  |z Acceso restringido 
942 |c BOOK 
999 0 |a Criminal law